| 000 | 00767nam a22001817a 4500 | ||
|---|---|---|---|
| 999 |
_c4545 _d4545 |
||
| 001 | 6255 | ||
| 003 | BD-DhUAP | ||
| 005 | 20201112145450.0 | ||
| 008 | 201112s1989 bg |||| |||| 00| 0 ben d | ||
| 040 |
_aBD-DhUAP _bBen _cBD-DhUAP _dBD-DhUAP |
||
| 082 |
_223 _a891.4409 SAM |
||
| 245 |
_aসমকালীন বাংলা সাহিত্য / _cখান সারওয়ার মুরশিদ কর্তৃক সম্পাদিত। |
||
| 260 |
_aঢাকা : _bএশিয়াটিক সোসাইটি, _c১৯৮৯। |
||
| 300 |
_a৪০৬ পৃষ্ঠা ; _c২২ সেমি.। |
||
| 650 |
_aBengali literature _vHistory and criticism. |
||
| 700 | _aমুরশিদ, খান সারওয়ার। | ||
| 942 |
_2ddc _cBK |
||